| 000 | 00958nas a2200325 4500 | ||
|---|---|---|---|
| 001 | BR2010005204 | ||
| 003 | BR-BrBNA | ||
| 005 | 20231205114727.0 | ||
| 007 | ta | ||
| 008 | 230509b bl.|||p| |||| 00| 00por d | ||
| 040 |
_aBR-BrBNA _bpor _cBiblioteca Nacional de Agricultura |
||
| 041 | _a(Pt) | ||
| 072 | _aQ53 | ||
| 100 | 1 | _aPozza, M.S.S. | |
| 100 | 1 | _aBorsatti, L. | |
| 100 | 1 | _aPozza, P.C. | |
| 100 | 1 | _aBusanello, M. | |
| 100 | 1 | _aSabedot, M.A. | |
| 100 | 1 | _aNunes, R.V. | |
| 245 | 1 | _aAtividade antimicrobiana de ácidos orgânicos, em rações para frangos de corte contaminadas com salmonelas | |
| 650 | _aFRANGO | ||
| 650 | _aADITIVO | ||
| 650 | _aÁCIDO ORGÂNICO | ||
| 650 | _aRAÇÃO | ||
| 650 | _aSALMONELLA | ||
| 650 | _aCONTAMINAÇÃO | ||
| 773 | 0 |
_tHigiene Alimentar (Brazil) _xISSN 0101-9171 _g(May-Jun 2010), v.24(184-185) p. 163-170 _wBR2010005204 |
|
| 909 |
_a202311 _bLúcia _c55 _dLúcia Elande |
||
| 942 |
_2AGRIS _n0 _cANA |
||
| 999 |
_c210185 _d210185 |
||